[Event "Boardwalk Pearson IM 2020"]
[Site "Port Elizabeth"]
[Date "2020.03.13"]
[Round "1.1"]
[White "Oatlhotse, Providence"]
[Black "Munenga, Douglas D"]
[Result "1-0"]
[WhiteElo "2201"]
[BlackElo "2357"]
[Annotator "TA"]
[PlyCount "73"]
[EventDate "2020.03.11"]
[EventType "tourn"]
[EventCountry "RSA"]
[SourceTitle "playchess.com"]
[Source "ChessBase"]
[SourceQuality "1"]

{[%evp 9,73,39,23,30,31,43,62,39,21,20,78,30,25,31,25,28,76,56,59,61,61,56,56,0,0,-19,-14,-20,0,0,0,0,0,-71,-18,-18,0,0,122,83,411,411,409,424,386,264,387,388,331,193,270,269,600,597,775,766,723,705,836,819,976,793,3104,1010,29982,1391]} 1. c4 e5 2. g3 h5 3. h4 d5 4. cxd5 Qxd5 5. Nf3 {[#]} Nc6 $146 ({Predecessor:} 5... Bg4 6. Nc3 Qe6 7. d4 Bxf3 8. d5 Bxd5 9. Nxd5 Qd6 10. Qb3 Nc6 11. Be3 Nge7 {½-½ (53) Barlov,D (2490)-Ilincic,Z (2565) Belgrade 1998}) 6. Nc3 {A20: English Opening: 1...e5.} Qd8 7. Bg2 Bc5 8. a3 {White is slightly better.} a5 9. d3 Nh6 (9... Nge7 $11) 10. Bd2 (10. Bg5 $5 {[%cal Rg5d8]} f6 11. Bxh6 Rxh6 12. Rc1 $14) 10... Ng4 11. O-O O-O 12. Rc1 Qe8 13. Nd5 Bd6 14. b4 axb4 15. axb4 Qd8 16. Qc2 ({White should try} 16. b5 $14 Ne7 17. Nc3) 16... Be6 $11 17. Ng5 {Black must now prevent d4!} Nd4 18. Qd1 Bd7 19. Nc3 Bxb4 20. Bxb7 Ra3 21. Be1 (21. Nb1 $11 Ba4 22. Qe1 Bxd2 23. Qxd2) 21... c5 (21... Be7 $1 $17 22. Bg2 Bxg5 23. hxg5 Qxg5) 22. e3 Nb3 23. Rc2 $1 Qa5 (23... Ra1 $11 {keeps the balance.} 24. Qe2 Bf5) 24. Qf3 Nd4 $2 {[%mdl 8192] Black cannot hold the game after this.} (24... Bxc3 $16 25. Bxc3 Nd4 26. Bxa5 Nxf3+ 27. Bxf3 Rxa5) 25. exd4 $18 {aiming for Nd5.} Bxc3 26. Rxc3 Rxc3 27. dxc5 {Hoping for Ne4.} Qa3 (27... Nf6 {was called for.} 28. c6 (28. Bxc3 Qxc3 29. c6 Bg4 $16) 28... Bc8) 28. Bxc3 Qxc3 29. Qe4 $40 {[%mdl 128] Black is in trouble.} (29. c6 $142 Be6 30. d4 $1 {[%mdl 512]} Qxf3 31. Nxf3) 29... g6 (29... Nf6 $142 30. Qc4 Qxc4 31. dxc4 Bf5) 30. Qc4 Qa5 $2 (30... Qxc4 31. dxc4 Bf5) 31. c6 Qc7 32. cxd7 Qxd7 33. Bd5 Nh6 34. Rb1 Rc8 35. Qe4 {And now Qxg6+ would win.} Qd6 36. Rb7 {[%cal Rg5f7]} Rf8 37. Bc4 {Accuracy: White = 62%, Black = 36%.} (37. Qf3 $142 e4 38. dxe4 Qa6 39. Nxf7 Qxb7 {[%mdl 64] Remove Defender} 40. Bxb7 Nxf7 {[#]} 41. Bd5 $1 {[%mdl 512]} Kg7 42. Qc3+ Kh7 43. Qf6 $1 {[%mdl 512]}) 1-0

[Event "Boardwalk Pearson IM 2020"]
[Site "Port Elizabeth"]
[Date "2020.03.13"]
[Round "1.2"]
[White "Kayonde, Andrew"]
[Black "Fernandes, Antonio"]
[Result "1-0"]
[WhiteElo "2366"]
[BlackElo "2353"]
[Annotator "TA"]
[PlyCount "114"]
[EventDate "2020.03.11"]
[EventType "tourn"]
[EventCountry "RSA"]
[SourceTitle "playchess.com"]
[Source "ChessBase"]
[SourceQuality "1"]

{[%evp 22,114,11,11,20,6,20,12,7,4,11,7,18,9,14,1,33,29,29,29,77,76,74,51,60,61,120,65,47,16,27,0,28,28,169,172,194,183,187,160,231,243,286,284,282,296,301,309,289,297,294,214,273,251,307,265,357,151,175,77,90,118,150,108,95,147,307,300,308,291,284,282,533,501,491,469,454,425,461,431,673,637,678,689,729,732,720,722,718,717,727,667,2770,2916,2680]} 1. d4 d5 2. Nf3 c6 3. e3 Bf5 4. c4 e6 5. Nc3 Nd7 6. Bd3 Bxd3 7. Qxd3 Ngf6 8. O-O Be7 9. e4 dxe4 10. Nxe4 Nxe4 11. Qxe4 O-O 12. Re1 Qa5 {D12: Slav Defence: 3 Nf3 Nf6 4 e3 Bf5.} 13. Bf4 Rfd8 14. a3 {[#]} Rac8 $146 {The position is equal.} ({Predecessor:} 14... Qa4 15. Rac1 Rac8 16. Rc3 b5 17. Ng5 Nf8 18. Rec1 Bf6 19. Nf3 Ng6 20. Be3 b4 21. axb4 Qxb4 {½-½ (40) Sipila,V (2431)-Starostits,I (2494) Istanbul 2012}) 15. h3 Qh5 16. Qc2 Bf6 17. c5 Qf5 18. Qc1 Re8 19. Qe3 Bd8 20. Nd2 b5 21. Ne4 {Black must now prevent Nd6.} Be7 22. a4 {Strongly threatening g4.} b4 23. a5 $36 {[%mdl 2048] Black is under pressure.} Nf6 ({Better is} 23... Qd5 $14) 24. Nd6 (24. Nxf6+ $1 $16 Bxf6 25. Ra4) 24... Bxd6 $1 $14 25. Bxd6 a6 26. Rad1 Red8 27. Rd3 Ne8 (27... Ra8 $11) 28. Be5 $1 $18 f6 29. Bg3 e5 30. Red1 e4 {[#]} (30... Nc7 $16 {was necessary.}) 31. Rb3 $1 Nc7 32. Bxc7 $1 ({Weaker is} 32. Rxb4 Nb5 $14) 32... Rxc7 33. Rxb4 Qd5 34. Qe2 Ra7 35. Rb6 f5 36. Qd2 Rad7 37. b3 Qe6 38. Qe3 ({Less strong is} 38. Rxa6 Rxd4 39. Qxd4 Rxd4 $16) 38... Qf6 39. Rb4 (39. Rxa6 $18 {has better winning chances. Threatens to win with b4.} h6 40. Rb6) 39... h6 40. g3 (40. Rb6 $18 {is more deadly.}) 40... Rd5 {[#] ...Rxc5 would now be nice for Black.} 41. Rd2 $1 R8d7 42. Kg2 g5 43. Qe2 (43. Rb8+ $142 Kg7 44. Rb6) 43... Re7 $2 (43... Kg7 $16) 44. Qxa6 f4 45. Rb8+ Kh7 46. Qc8 {[%csl Gb8][%cal Rc8g8]} Kg6 $2 (46... h5 47. Qg8+ Kh6 48. Qf8+ Qxf8 49. Rxf8 Ra7) 47. Qg8+ {White is clearly winning.} Qg7 48. Qxg7+ Kxg7 {[%mdl 4096] Endgame KRR-KRR} 49. Rb4 f3+ 50. Kf1 Red7 (50... g4 $142 51. hxg4 h5) 51. Ke1 Ra7 52. Ra2 Rd8 53. a6 Kf6 54. Kd2 Ke6 55. Ke3 Kd5 56. Rb7 Rda8 {Hoping for ...Rxb7.} 57. Rxa7 Rxa7 {Accuracy: White = 78%, Black = 48%.} 1-0

[Event "Boardwalk Pearson IM 2020"]
[Site "Port Elizabeth"]
[Date "2020.03.13"]
[Round "1.3"]
[White "Van Zyl-Rudd, Jack"]
[Black "Cawdery, Daniel"]
[Result "1/2-1/2"]
[WhiteElo "2277"]
[BlackElo "2418"]
[Annotator "TA"]
[PlyCount "95"]
[EventDate "2020.03.11"]
[EventType "tourn"]
[EventCountry "RSA"]
[SourceTitle "playchess.com"]
[Source "ChessBase"]
[SourceQuality "1"]

{[%evp 17,95,43,27,21,35,43,24,23,47,0,0,-13,0,-26,-14,-38,0,0,0,0,0,0,0,-47,-43,-49,-44,-50,0,-16,-16,-10,-12,-131,-125,-128,3,2,4,-74,-77,-112,-112,-112,-112,-112,-112,-112,-112,-112,-104,-119,-104,-106,-82,-104,-82,-104,-82,-112,-82,-82,-82,-116,-118,-116,-104,-104,-83,-98,-98,-98,-45,-60,-49,-58,-52,-60,-8,-60]} 1. d4 Nf6 2. c4 c5 3. d5 b5 4. cxb5 a6 5. e3 e6 6. Nc3 exd5 7. Nxd5 Bb7 8. Nxf6+ Qxf6 9. Nf3 Be7 10. Be2 {A57: Benko/Volga Gambit.} axb5 11. Bxb5 O-O 12. O-O {White has an edge.} d5 {[#]} 13. Bd2 $146 ({Predecessor:} 13. a4 Rd8 14. Ra2 Nc6 15. b3 d4 16. exd4 Nxd4 17. Nxd4 cxd4 18. Qd3 Rac8 19. Bc4 {1-0 (44) Krysa,L (2499)-Prie,E (2459) Barcelona 2019}) 13... Qxb2 14. Bd3 (14. a4 {feels hotter.} Nc6 15. Re1 Rfd8 16. Rb1 Qf6 17. Qc2) 14... Ba6 15. Bxa6 Rxa6 16. a4 {[%cal Ba2a4,Ba4a5][%mdl 32]} Bf6 17. Rb1 Qa2 18. a5 Nc6 19. Rb5 c4 {Threatens to win with ...c3.} 20. Qb1 (20. Nd4 $5) 20... Qxb1 21. Rfxb1 c3 22. Be1 $1 Nxa5 23. Nd4 Bxd4 24. exd4 Nc4 25. Rxd5 (25. Rc1 $11 {was the only way to keep the balance.}) 25... c2 $36 {[%mdl 2048] White is under strong pressure.} 26. Rc1 {[#]} Re8 (26... Nb2 $1 $17 {[%cal Rb2d3] Strongly threatening ...Nd3.} 27. Rxc2 Ra1) 27. g3 $11 f6 {aiming for ...Rb6.} 28. Rc5 {[#]} (28. Kf1 $11) 28... Nb2 $1 $17 {[%cal Rb2d3] And now ...Nd3 would win.} 29. R5xc2 Nd3 $1 {[%csl LRc1,LRe1][%mdl 64] Double Attack} 30. Rc8 Rae6 31. Bd2 Nxc1 32. Rxc1 {[%mdl 4096] Endgame KRR-KRB} Kf7 33. h4 Rd6 34. Be3 Rd7 35. Kg2 Ra8 36. Kf3 h6 37. Rc6 Re8 38. Ra6 Re6 39. Ra5 Red6 40. Rb5 Rd5 41. Rb6 Kg6 42. Ke4 R5d6 43. Rb5 Re6+ 44. Kf3 f5 (44... h5 $17) 45. Rb8 Kf6 46. Rf8+ Rf7 $1 {[%cal Rf7f8]} 47. Rg8 Re4 (47... Kg6 $15) 48. Rc8 {Accuracy: White = 69%, Black = 78%.} ({White should play} 48. h5 $1 $11) 1/2-1/2

[Event "Boardwalk Pearson IM 2020"]
[Site "Port Elizabeth"]
[Date "2020.03.13"]
[Round "2.1"]
[White "Munenga, Douglas D"]
[Black "Cawdery, Daniel"]
[Result "1-0"]
[WhiteElo "2357"]
[BlackElo "2418"]
[Annotator "TA"]
[PlyCount "77"]
[EventDate "2020.03.11"]
[EventType "tourn"]
[EventCountry "RSA"]
[SourceTitle "playchess.com"]
[Source "ChessBase"]
[SourceQuality "1"]

{[%evp 28,77,20,21,20,18,22,17,39,48,39,11,14,7,2,-2,61,0,0,0,-25,-20,-6,-25,12,18,66,60,216,207,206,210,389,394,482,463,552,482,697,227,438,325,431,411,411,370,376,376,515,386,362,354]} 1. e4 c5 2. Nf3 Nc6 3. d4 cxd4 4. Nxd4 Nf6 5. Nc3 e5 6. Ndb5 d6 7. Bg5 a6 8. Na3 b5 9. Nd5 Be7 10. Bxf6 Bxf6 11. c3 Rb8 12. Nc2 Bg5 13. Be2 O-O 14. O-O a5 15. b4 axb4 {B33: Sicilian: Pelikan and Sveshnikov Variations.} 16. Ncxb4 Bd7 17. Bg4 {[#]} Na5 $146 {[%cal Bc6a5,Ba5c4,Bc4e3][%mdl 32] The position is equal.} ({Predecessor:} 17... Be8 18. g3 Na5 19. Qe2 g6 20. Rfd1 Ra8 21. Bh3 Nb7 22. Bg2 Nc5 23. f4 exf4 24. gxf4 {½-½ (37) Urban,M (1840)-Dessaules,P (2310) ICCF email 2011}) 18. Bxd7 Qxd7 19. Qh5 h6 20. h4 Bd8 $1 21. Ne3 Qe6 ({Black should play} 21... Rc8 $11) 22. Rad1 (22. Nbd5 $14) 22... Nc4 $11 23. Nbd5 Nxe3 24. Nxe3 Ra8 25. Rd3 {Threatens to win with Nf5.} Qg6 ({But not} 25... Rxa2 $6 26. Nf5 $16) 26. Qf3 {Black should prevent Nf5.} Re8 ({Of course not} 26... Rxa2 27. Nf5 $16) 27. Nf5 Re6 $2 {This move loses the game for Black.} (27... Be7 $1 $14) 28. Qe2 Qh7 29. Rfd1 ({Don't play} 29. Rxd6 $6 Rxd6 30. Nxd6 Qg6 $16) (29. Nxd6 $6 Bxh4 30. Nxb5 Rc6 $16) 29... Bc7 $2 (29... g6) 30. Rg3 $18 {[%mdl 64] [#] Discovered Attack} g6 31. Qxb5 {Strongly threatening Qb7!} Kh8 32. Qb7 Rae8 (32... Rg8 $142 33. Qxc7 gxf5 34. Rxd6 Rxg3 35. Rxe6 {[%mdl 64] Discovered Attack} Rxg2+ 36. Kxg2 Qg8+ 37. Kh2 fxe6 38. exf5 exf5 39. Qxe5+ {[%mdl 64] Double Attack} Kh7 40. Qxf5+ Kh8 41. Qf6+ Kh7 42. Qe7+ Kh8 43. Qe5+ Kh7 44. Qe4+ Kh8 45. Qe5+ Kh7 46. Qc7+ Kh8) 33. Ne3 $2 (33. Qxc7 f6 34. Qxh7+ Kxh7 35. Nxd6) 33... Bb8 $2 {[#]} (33... Bd8 34. Rf3 R8e7) 34. Rf3 f5 35. Qxh7+ Kxh7 36. exf5 gxf5 37. Rxf5 R8e7 38. Nd5 Rb7 39. h5 {Accuracy: White = 69%, Black = 36%.} 1-0

[Event "Boardwalk Pearson IM 2020"]
[Site "Port Elizabeth"]
[Date "2020.03.13"]
[Round "2.2"]
[White "Fernandes, Antonio"]
[Black "Van Zyl-Rudd, Jack"]
[Result "1-0"]
[WhiteElo "2353"]
[BlackElo "2277"]
[Annotator "TA"]
[PlyCount "67"]
[EventDate "2020.03.11"]
[EventType "tourn"]
[EventCountry "RSA"]
[SourceTitle "playchess.com"]
[Source "ChessBase"]
[SourceQuality "1"]

{[%evp 19,67,10,0,6,12,0,19,18,16,17,21,7,20,0,0,-44,-40,-162,-168,-154,-166,-155,0,0,0,0,0,0,0,0,154,152,140,137,154,156,158,147,172,161,204,208,216,213,228,224,232,230,234,227]} 1. Nf3 d5 2. g3 Nf6 3. Bg2 e6 4. O-O Be7 5. d4 O-O 6. c4 dxc4 7. Qa4 b6 8. Qxc4 Bb7 9. Nc3 Nbd7 10. Rd1 c5 11. Ne5 {E03: Open Catalan: 5 Qa4+ Nbd7 6 Qxc4.} Bxg2 12. Kxg2 Qc7 13. Nxd7 {The position is equal.} Qxd7 14. dxc5 Qc6+ 15. f3 {[#]} Rfc8 $146 ({Predecessor:} 15... Qxc5 16. Qxc5 Bxc5 17. Bf4 Rfd8 18. e4 Ne8 19. Kf1 Kf8 20. Ke2 Ke7 21. Nb5 Rdc8 {½-½ (41) Aronian,L (2794)-Mamedyarov,S (2809) Berlin 2018}) 16. Rd3 Nd7 {Strongly threatening ...Ne5.} 17. Bf4 g5 $1 {[%cal Rg5f4]} 18. Bxg5 ({Better is} 18. Rxd7 $15 Qxd7 19. Rd1) 18... Bxg5 $19 19. Qg4 h6 {aiming for ...Ne5.} 20. Rd6 {[#]} Qc7 $2 {[#]} (20... Qb7 $1 $17 21. h4 {[%mdl 64] Pin} Ne5) 21. Nd5 $1 $11 {[%mdl 512]} exd5 22. Rxd7 Qe5 ({But not} 22... Qxc5 23. h4 $16) 23. f4 {[%mdl 64] Pin} Qe4+ 24. Kh3 Rxc5 $2 (24... f5 $1 $11 25. Qh5 Qe6) 25. fxg5 $16 {White is clearly better.} Qxg4+ 26. Kxg4 hxg5 $11 {[%mdl 4096] Endgame [#] KRR-KRR} 27. Rf1 $1 Rf8 28. Rf5 d4 29. Rxd4 Rfc8 30. Rd2 Rc4+ 31. Kxg5 R8c6 32. Rf4 Rg6+ 33. Kf5 Rc5+ 34. Ke4 {What a bad dream for Black. Accuracy: White = 83%, Black = 78%.} 1-0

[Event "Boardwalk Pearson IM 2020"]
[Site "Port Elizabeth"]
[Date "2020.03.13"]
[Round "2.3"]
[White "Oatlhotse, Providence"]
[Black "Kayonde, Andrew"]
[Result "0-1"]
[WhiteElo "2201"]
[BlackElo "2366"]
[Annotator "TA"]
[PlyCount "80"]
[EventDate "2020.03.11"]
[EventType "tourn"]
[EventCountry "RSA"]
[SourceTitle "playchess.com"]
[Source "ChessBase"]
[SourceQuality "1"]

{[%evp 12,80,0,0,7,0,0,0,-2,-2,0,-19,87,73,83,94,108,61,53,44,44,47,69,10,9,10,10,10,10,-9,0,-60,-52,-80,-110,-363,75,-371,-349,-331,-167,-150,-166,-137,-164,-365,-364,-323,-302,-291,-294,-392,-392,-388,-386,-665,-649,-721,-643,-5727,-5716,-5561,-5561,-4810,-4802,-29970,-29976,-29976,-29975,-29974,-29975]} 1. c4 c6 2. Nf3 d5 3. g3 Nf6 4. Bg2 dxc4 5. O-O Nbd7 6. Qc2 Nb6 7. Na3 Be6 {A11: English Opening: 1...c6.} 8. Rd1 {[#]} Bd5 $146 ({Predecessor:} 8... Qd5 9. Qc3 Qh5 10. d4 Ne4 11. Qe3 Nd6 12. Bd2 g6 13. Qe5 Rg8 14. Qxh5 gxh5 15. Nc2 {0-1 (68) Sartori,D-Fabri,L ICCF email 2009}) 9. b3 cxb3 {The position is equal.} 10. axb3 e6 11. d3 {Hoping for e4.} c5 (11... Bxf3 $1 $11 12. Bxf3 Bb4) 12. e4 $16 {[%mdl 1024] White has strong compensation.} Bc6 13. Ne5 Bd7 14. Bb2 Be7 15. d4 cxd4 16. Bxd4 O-O 17. Nac4 (17. Qb2 $14) 17... Nxc4 $11 18. bxc4 Qc7 19. Qb2 Rfd8 20. Bxa7 {Black must now prevent Bb6.} (20. Rxa7 {seems wilder.} Rxa7 21. Bxa7 Be8 22. Rxd8 Bxd8 23. Bd4) 20... b5 21. cxb5 ({White should play} 21. Bd4 $11 bxc4 22. Qb6 Qxb6 23. Bxb6 Rxa1 24. Rxa1) 21... Rxa7 $15 22. b6 $1 Rxa1 23. bxc7 $4 {[%mdl 8192]} (23. Rxa1 $17 {was the only chance.} Qb7 24. Ra7) 23... Rxd1+ $19 24. Bf1 Rc8 25. Qb7 Rc1 (25... Ne8 $142 26. Nxd7 Rxc7 {[%mdl 64] Double Attack}) 26. Nxd7 R8xc7 27. Nxf6+ Bxf6 28. Qb5 $2 {[#]} (28. Qb6) 28... g6 $1 29. e5 Be7 30. Kg2 R7c2 31. Qe8+ Bf8 32. Qd8 Rb1 33. h4 $2 (33. Bd3 Rd2 34. Kf3) 33... Rbb2 34. Qf6 Rd2 35. h5 Bc5 36. Kh3 Rxf2 37. Qd8+ {[#]} Kg7 $1 {( -> ...Rh2+)} 38. Bg2 Rxg2 {Black mates.} 39. Qf6+ Kg8 40. Qd8+ Bf8 {Accuracy: White = 58%, Black = 85%.} 0-1

[Event "Boardwalk Pearson IM 2020"]
[Site "Port Elizabeth"]
[Date "2020.03.13"]
[Round "3.1"]
[White "Kayonde, Andrew"]
[Black "Munenga, Douglas D"]
[Result "1-0"]
[WhiteElo "2366"]
[BlackElo "2357"]
[Annotator "TA"]
[PlyCount "83"]
[EventDate "2020.03.11"]
[EventType "tourn"]
[EventCountry "RSA"]
[SourceTitle "playchess.com"]
[Source "ChessBase"]
[SourceQuality "1"]

{[%evp 9,83,30,35,8,12,15,33,18,18,3,4,-18,1,-43,-14,-14,-14,-14,0,-22,-23,-18,0,-25,-12,-40,3,-45,-32,-100,-106,-100,-70,-63,-73,-80,-88,-157,-154,-167,-162,-159,-131,-139,-131,-126,-63,-129,-130,-126,-101,-101,-77,-78,-77,-77,-76,-102,-93,-89,-65,-73,-70,-97,0,0,0,-18,195,45,208,6,702,-95,-106,-261]} 1. d4 Nf6 2. Bg5 Ne4 3. Bf4 d5 4. e3 c5 5. Bd3 Nf6 6. Nc3 {A45: Trompowsky Attack.} c4 7. Be2 Nc6 {[#]} 8. g4 $146 {White is slightly better.} ({Predecessor:} 8. Bf3 g6 9. Nge2 Bg7 10. b3 cxb3 11. axb3 O-O 12. Bg5 Nb4 13. Na2 Nxa2 14. Rxa2 {1-0 (67) Chytilek,R (2362)-Sadilek,P (2283) Austria 2014}) 8... e6 9. g5 Ng8 10. Bf3 Bd6 11. Qd2 Nge7 12. Nge2 Bxf4 13. Nxf4 Rb8 14. h4 b5 15. Nce2 Qd6 16. Bg2 Bd7 17. Nh5 O-O 18. f4 b4 19. Kf2 (19. Nhg3 $15) 19... Kh8 $17 20. Rag1 {[#]} c3 $1 {[%mdl 512]} 21. bxc3 Na5 $1 {[%cal Bc6a5,Ba5c4,Bc4a3][%mdl 32]} 22. Nhg3 Nc4 23. Qe1 (23. Qd3 $142) 23... Rfc8 24. cxb4 Rxb4 25. Qa1 Na3 26. c3 Rb6 27. h5 h6 (27... Rcb8 $17 28. h6 g6) 28. gxh6 (28. e4 $15) 28... gxh6 29. e4 Rcb8 30. e5 Qc6 31. Qc1 Rb2 32. f5 exf5 33. Qf4 Nc4 34. Bh3 {[%cal Rh3f5]} Qe6 35. Rg2 Rxa2 36. Kg1 Ra1+ (36... Rg8 $17 {...Kh7 is the strong threat.} 37. Kh2 a5) 37. Kh2 Rxh1+ 38. Kxh1 Rb6 $2 (38... Rg8 $1 $11) 39. Kh2 ({White should try} 39. Nc1 $1 $18) 39... a5 $2 {[#]} ({Better is} 39... Kh7 $1 $14) 40. Kh1 $2 (40. Ne4 $1 $18 {[%mdl 512] aiming for Nf6.} dxe4 41. Qg3) 40... Rb8 $2 {[%mdl 8192] [#]} (40... Kh7 $11) 41. Kg1 $2 {[#]} ({White should play} 41. Bxf5 $1 $18 {[%mdl 512]} Nxf5 42. Nxf5) 41... Rg8 $1 42. Kf1 $2 {[%mdl 32768] Never resign too early! Accuracy: White = 49%, Black = 58%. . Sensor Board Error (Ke4/e5)?} (42. Kh2 $17) 1-0

[Event "Boardwalk Pearson IM 2020"]
[Site "Port Elizabeth"]
[Date "2020.03.13"]
[Round "3.2"]
[White "Van Zyl-Rudd, Jack"]
[Black "Oatlhotse, Providence"]
[Result "1/2-1/2"]
[WhiteElo "2277"]
[BlackElo "2201"]
[Annotator "TA"]
[PlyCount "24"]
[EventDate "2020.03.11"]
[EventType "tourn"]
[EventCountry "RSA"]
[SourceTitle "playchess.com"]
[Source "ChessBase"]
[SourceQuality "1"]

{[%evp 9,24,38,47,37,45,19,34,35,28,9,21,4,16,22,24,21,34]} 1. e4 c5 2. Nf3 a6 3. c4 d6 4. d4 Bg4 5. dxc5 Bxf3 6. Qxf3 {B28: Sicilian: 2 Nf3 a6 (O'Kelly Variation).} dxc5 7. Be3 Qb6 {[#]} 8. Nd2 $146 {White is slightly better.} ({Predecessor:} 8. b3 Nc6 9. Nc3 e6 10. Bd3 Rd8 11. Na4 Qa5+ 12. Bd2 Qc7 13. Bc3 Ne5 14. Bxe5 Qxe5 {0-1 (47) Weidemann,J (2285)-Granados,R (2220) Badalona 1993}) 8... Nc6 9. Be2 e6 ({Much weaker is} 9... Ne5 $6 10. Qg3 $16) 10. Qg3 O-O-O 11. O-O-O Nd4 12. Bxd4 cxd4 1/2-1/2

[Event "Boardwalk Pearson IM 2020"]
[Site "Port Elizabeth"]
[Date "2020.03.13"]
[Round "3.3"]
[White "Cawdery, Daniel"]
[Black "Fernandes, Antonio"]
[Result "1/2-1/2"]
[WhiteElo "2418"]
[BlackElo "2353"]
[Annotator "TA"]
[PlyCount "55"]
[EventDate "2020.03.11"]
[EventType "tourn"]
[EventCountry "RSA"]
[SourceTitle "playchess.com"]
[Source "ChessBase"]
[SourceQuality "1"]

{[%evp 16,55,19,30,31,20,43,22,43,43,43,38,52,33,39,27,26,0,0,0,2,2,11,16,15,-6,0,-16,29,33,40,0,19,0,0,11,28,30,7,16,0,-16]} 1. e4 e5 2. Nf3 Nc6 3. Bc4 Bc5 4. c3 Nf6 5. d4 exd4 6. e5 d5 7. Bb5 Ne4 8. cxd4 Bb4+ 9. Bd2 {[#] Strongly threatening Bxb4.} Be7 {C54: Giuoco Piano: 4 c3 Nf6, main lines with 5 d4 and 5 d3.} 10. Be3 Bd7 {[#]} 11. Qb3 $146 ({Predecessor:} 11. Be2 O-O 12. O-O Be6 13. Ne1 f5 14. Nd3 Bg5 15. Nf4 Bxf4 16. Bxf4 Qh4 17. g3 Qe7 18. f3 Ng5 19. Bxg5 Qxg5 {1-0 (74) Ponce Cano,A (2183)-Antunez Munoz,I (1873) Salobrena 2015}) 11... Nb4 12. Be2 a5 {[%cal Ba7a5,Ba5a4][%mdl 32]} 13. O-O O-O 14. a3 a4 15. Qd1 Nc6 16. Nc3 Nxc3 17. bxc3 Na5 18. Nd2 b5 19. Bd3 c6 20. Qh5 {[%csl Gd3][%cal Rh5h7] [#]} g6 $1 {[%cal Rg6h5]} 21. Qh6 f5 22. Nf3 Rf7 $1 23. Ng5 Rg7 $1 24. e6 Be8 25. Bf4 Bd6 26. Bxd6 Qxd6 27. Rfe1 Raa7 28. e7 {Accuracy: White = 100%, Black = 94%.} 1/2-1/2

[Event "Boardwalk Pearson IM 2020"]
[Site "Port Elizabeth"]
[Date "2020.03.13"]
[Round "4.1"]
[White "Van Zyl-Rudd, Jack"]
[Black "Munenga, Douglas D"]
[Result "1/2-1/2"]
[WhiteElo "2277"]
[BlackElo "2357"]
[Annotator "TA"]
[PlyCount "37"]
[EventDate "2020.03.11"]
[EventType "tourn"]
[EventCountry "RSA"]
[SourceTitle "playchess.com"]
[Source "ChessBase"]
[SourceQuality "1"]

{[%evp 11,37,27,50,30,30,13,57,31,52,54,56,54,52,16,159,163,180,165,166,161,138,27,33,34,56,33,50,-40]} 1. d4 Nf6 2. c4 g6 3. Nc3 Bg7 4. e4 d6 5. h3 O-O 6. Be3 c6 7. g4 {E71: King's Indian: 4 e4 d6 5 h3.} Qa5 8. Qd2 e5 {[#] ...exd4 is the strong threat.} (8... c5 $5 {[%cal Rc5d4]}) 9. d5 cxd5 10. cxd5 Na6 11. f3 Bd7 12. Rb1 b5 {[#]} (12... Ne8 $11 {remains equal.}) 13. Nxb5 $1 $16 Nb4 14. Nc3 Rab8 15. a3 Na6 16. Bxa6 ({White should play} 16. Nge2 $16) 16... Qxa6 $11 17. Nge2 {White is slightly better.} Ne8 18. O-O f5 19. Ra1 {Accuracy: White = 59%, Black = 75%.} (19. exf5 $14 gxf5 20. Bh6) 1/2-1/2

[Event "Boardwalk Pearson IM 2020"]
[Site "Port Elizabeth"]
[Date "2020.03.13"]
[Round "4.2"]
[White "Cawdery, Daniel"]
[Black "Kayonde, Andrew"]
[Result "1/2-1/2"]
[WhiteElo "2418"]
[BlackElo "2366"]
[Annotator "TA"]
[PlyCount "45"]
[EventDate "2020.03.11"]
[EventType "tourn"]
[EventCountry "RSA"]
[SourceTitle "playchess.com"]
[Source "ChessBase"]
[SourceQuality "1"]

{[%evp 25,45,0,4,0,0,0,0,0,0,0,49,0,0,0,0,0,0,0,0,0,0,0]} 1. e4 c6 2. d4 d5 3. Nc3 dxe4 4. Nxe4 Bf5 5. Ng3 Bg6 6. h4 h6 7. Nf3 Nd7 8. h5 Bh7 9. Bd3 Bxd3 10. Qxd3 e6 11. Bd2 Ngf6 12. O-O-O Be7 13. Qe2 O-O 14. Nf1 $1 {[%mdl 4] is currently scoring better than 14.Ne5. B19: Classical Caro-Kann: 4...Bf5 main line.} c5 15. g4 cxd4 ({Much worse is} 15... Nxg4 $6 16. Rg1 $16) 16. g5 Nd5 {[%cal Rh6g5]} 17. gxh6 {Hoping for Rg1.} Qb6 $1 {Threatens to win with ...Ba3!} 18. Rg1 {[#] Black must now prevent Qd3.} (18. Ne1 $5 {[%cal Re2g4]} Bf6 19. hxg7 Bxg7 20. h6 $11) 18... Ba3 $1 {[%csl Ga3][%cal Rb6b2][%mdl 512] The position is equal.} 19. Rxg7+ (19. bxa3 Nc3) 19... Kh8 {[%csl Ga3][%cal Rb6b2]} 20. bxa3 Nc3 $1 {[%cal Rc3e2]} 21. Bxc3 dxc3 {[%csl Gc3][%cal Rb6b2]} 22. Rh7+ $1 Kg8 $1 {[%csl Gc3][%cal Rb6b2] [#]} 23. Rg7+ {Not much happened in this game. Accuracy: White = 85%, Black = 100%.} 1/2-1/2